Dona linguaruda (Registo nº 6087)

Detalhes MARC
000 -Etiqueta do registo
Valores 00926nam 22002413 4500
010 ## - Número ISBN
ISBN 9789899187054
021 ## - Número do Depósito Legal
Número 530153/24
100 ## - Dados gerais de processamento
Dados gerais 20251022d2024 u||y0pory50 ba
200 ## - Titulo e menção de responsabilidade
Título próprio Dona linguaruda
Primeira menção de responsabilidade Pedro Seromenho
Outras menções de responsabilidade il. Ricardo Ladeira
210 ## - Publicação
Local de publicação [S.l.]
Nome do editor Paleta de Letras
Data de publicação 2024
215 ## - Descrição física 
Paginação / Volumes [28] p.
Outras indicações físicas il.
330 ## - Sumário ou Resumo
Texto da nota Esta é a história da Dona Linguaruda: mãe, avó, mulher e língua! Ela adorava viajar e conhecer outras línguas, mas foi ficando velha e cansada. Começou a tropeçar em quase tudo e em quase nada!<br/>Ainda assim, ela não desiste e aprende com os seus erros
606 ## - Nome comum usado como assunto
ID Autoridade 14
Palavra de ordem Literatura infantil
606 ## - Nome comum usado como assunto
ID Autoridade 15
Palavra de ordem Literatura Portuguesa
675 ## - CDU
Notação 82-93
Edição BN
Língua por
675 ## - CDU
Notação 821.134.3
Edição BN
Língua por
700 ## - Autor principal (pessoa individual)
ID Autoridade 4068
Apelido Seromenho
Nome Pedro
Datas 1975-
701 ## - Co-autor principal (pessoa individual)
ID Autoridade 5798
Apelido Ladeira
Nome Ricardo
801 ## - Fonte de origem
País PT
Agência BEN2VN
Regras de catalogação RPC
830 ## - Notas gerais do catalogador
Criado por Tânia Croca
Data de criação 22/10/2025
990 ## - Elementos KOHA
Tipo de documento Livro
Exemplares
Situação do levantamento Biblioteca de origem Código de barras Cota Permissão de empréstimo Tipo de documento Forma de aquisição
  Biblioteca Escola Nº2 Vendas Novas 100000031705 LI POR/SER   Livro  

Powered by Koha